• 首页
  • 本馆介绍
  • 公告通知
  • 最新文献
  • 馆藏检索
  • 电子资源
  • 读者导购
  • 参考咨询
  • 我的图书馆
  • 登录
  • 详细信息显示
  • 放入我的书架
  • 预约/预借图书
  • 作者相关作品
  • 分类相关作品
  • 丛书相关作品
  • 出版社相关作品

书目信息

  • 表格格式
  • 工作单格式
  • 卡片格式
题名:
文献分类学
    
 
作者: 俞君立 , 陈树年 主编
分册:  
出版信息: 武汉   武汉大学出版社  2001
页数: 10,384页
开本: 20cm
丛书名:
单 册:
中图分类: G254.11 , G254
科图分类:
主题词: 分类法--高等学校--教材
电子资源:
ISBN: 7-307-03424-7
000 00830n|m0 2200241 450
001 1539880634
005 20150126110453.18
010    @a7-307-03424-7@dCNY18.00
100    @a20020308d2001 em y0chiy0110 ea
101 0  @achi
102    @aCN@b420000
105    @ay z 000yy
200 1  @a文献分类学@9wen xian fen lei xue@f俞君立,陈树年主编
210    @a武汉@c武汉大学出版社@d2001
215    @a10,384页@d20cm
330    @a本书系统地介绍了文献分类学的研究对象和内容、文献分类法的基本原理、体系分类法、组配分类法、网络信息分类法与《中国图书馆分类法》第4版及其电子版等的理论和方法。
606 0  @a分类法@x高等学校@j教材
690    @aG254.11@v5
690    @aG254@v4
701  0 @a俞君立@9yu jun li@f(1942.12~)@4主编
701  0 @a陈树年@9chen shu nian@f(1946.1~)@4主编
801  0 @aCN@bTSSF@c20150126
905    @aZUCC@dG254@eJY6
    
    文献分类学/俞君立,陈树年主编.-武汉:武汉大学出版社,2001
    10,384页;20cm
    
    
    ISBN 7-307-03424-7:CNY18.00
    本书系统地介绍了文献分类学的研究对象和内容、文献分类法的基本原理、体系分类法、组配分类法、网络信息分类法与《中国图书馆分类法》第4版及其电子版等的理论和方法。
●
相关链接 在E读中查询图书 在五车中查询图书 在当当中查询图书 在豆瓣中查询图书


正题名:文献分类学     索取号:G254/JY6         预约/预借

序号 登录号 条形码 馆藏地/架位号 状态 备注
1 7859725   278597252   学院路分馆/ [索取号:G254/JY6] 在馆    
唐山师范学院图书馆 欢迎您!
大连网信软件有限公司© 版权所有